000 00375nam a2200157Ia 4500
008 210716s2009 xx 000 0 und d
020 _a9781593374976
041 _aeng
082 _a658.82 PETP
100 _aPeters, Paula.
245 _aUltimate marketing toolkit.
250 _a1
260 _aNew delhi
_bViva Books
_c2009
300 _avii,215
650 _aMarketing
999 _c204677
_d204677